مكتبة جامعة عجلون الوطنية

فهرس بحث المكتبة

Normal view MARC view
  • السيد، رمضان عبده علي

Entry Personal Name

Number of records used in: 1

001 - CONTROL NUMBER

  • control field: 16396

003 - CONTROL NUMBER IDENTIFIER

  • control field: JO-AjAnu

005 - DATE AND TIME OF LATEST TRANSACTION

  • control field: 20230606072920.0

008 - FIXED-LENGTH DATA ELEMENTS

  • fixed length control field: 230606|| aca||aabn | a|a d

040 ## - CATALOGING SOURCE

  • Original cataloging agency: JO-AjAnu
  • Transcribing agency: JO-AjAnu

100 ## - HEADING--PERSONAL NAME

  • Personal name: السيد، رمضان عبده علي

670 ## - SOURCE DATA FOUND

  • Source citation: Work cat.: (JO-AjAnu)8416: السيد، رمضان عبده علي, author, موسوعة الحضارة المصرية القديمة وأهم مظاهرها منذ أقدم العصور حتى نهاية عصور الأسرات الوطنية، الجزء الأول